000 00385nam a22001577a 4500
003 macl
005 20241022142132.0
008 241022b |||||||| |||| 00| 0 eng d
040 _cmacl
082 _a741.642
100 _aRowling J.K.
_982724
245 _aHarry Potter and the Prisoner of Azkaban
260 _aUK
_bBlooomsbury
650 _aChildren Books
_9107
942 _2ddc
_cBK
999 _c67449
_d67449